000 00567nam a2200169Ia 4500
003 GCL
008 140319s9999 xx 000 0 ara d
040 _aGCL /
_cGCL
082 0 4 _a552
_bف م
100 1 _aفاروق صنع الله العمرى
245 1 0 _aمبادىء علم الطبقات /
_cفاروق صنع الله العمرى
260 _a[S.N] :
_bدار الكتب للطباعة والنشر جامعة الموصل ،
_c1987
490 _a
650 0 4 _aالصخور
650 0 4 _aعلم التكنولوجيا الصخرية
942 _2ddc
_cBK
999 _c58532
_d58532